[Event "Arco op 29th"]
[Site "Arco"]
[Date "2007.10.27"]
[Round "8"]
[White "Ager, Josef"]
[Black "Nicholson, John G"]
[Result "1/2-1/2"]
[WhiteElo "2188"]
[BlackElo "2170"]
[PlyCount "37"]
[EventDate "2007.10.20"]
[EventType "swiss"]
[EventRounds "9"]
[EventCountry "ITA"]
[SourceTitle "CBM 120 Extra"]
[Source "ChessBase"]
[SourceDate "2007.11.01"]
[SourceVersion "1"]
[SourceVersionDate "2007.11.01"]
[SourceQuality "1"]

1. Nf3 c5 2. g3 b6 3. Bg2 Bb7 4. 0-0 Nf6 5. c4 e6 6. Nc3 Be7 7. d4 cxd4 8. Nxd4 Bxg2 9. Kxg2 Qc8 10. Qd3 0-0 11. b3 Nc6 12. Bb2 Ne5 13. Qd1 Qb7+ 14. Kg1 Rfd8 15. e4 d5 16. exd5 exd5 17. Qe2 Ng6 18. Qf3 Ne5 19. Qe2 1/2-1/2

[Event "Leiden LCT op 1st"]
[Site "Leiden"]
[Date "2007.07.22"]
[Round "9"]
[White "Van den Doel, Erik"]
[Black "Nicholson, John G"]
[Result "1-0"]
[WhiteElo "2587"]
[BlackElo "2140"]
[PlyCount "73"]
[EventDate "2007.07.13"]
[EventType "swiss"]
[EventRounds "9"]
[EventCountry "NED"]
[SourceTitle "CBM 119 Extra"]
[Source "ChessBase"]
[SourceDate "2007.09.04"]
[SourceVersion "1"]
[SourceVersionDate "2007.09.04"]
[SourceQuality "1"]

1. e4 g6 2. d4 Bg7 3. Nc3 d6 4. Be3 a6 5. Qd2 Nd7 6. h4 h5 7. Nh3 b5 8. a4 b4 9. Nd1 c5 10. Bc4 cxd4 11. Bxd4 Ngf6 12. Ng5 0-0 13. Qxb4 Rb8 14. Qd2 Bb7 15. Nc3 Qc7 16. b3 Ne5 17. Bxe5 dxe5 18. 0-0 Rbd8 19. Qe2 Rd4 20. f3 Qc5 21. Qf2 e6 22. Ne2 Rxc4 23. bxc4 Qxc4 24. Nc1 Rc8 25. Nd3 Nd7 26. Rab1 Rc7 27. a5 Bf8 28. Kh1 f6 29. Nh3 Bc6 30. Qg3 Kh7 31. f4 exf4 32. Rxf4 e5 33. Rxf6 Nxf6 34. Nxe5 Qg8 35. Ng5+ Kh8 36. Qc3 Qg7 37. Nxc6 1-0

[Event "GER-chT Betriebe"]
[Site "Berlin"]
[Date "2006.10.05"]
[Round "1.2"]
[White "Burghardt, Michael"]
[Black "Nicholson, John G"]
[Result "0-1"]
[WhiteElo "1914"]
[BlackElo "2167"]
[PlyCount "44"]
[EventDate "2006.10.05"]
[EventType "team-tourn"]
[EventRounds "7"]
[EventCountry "GER"]
[SourceTitle "EXT 2007"]
[Source "ChessBase"]
[SourceDate "2006.11.23"]
[SourceVersion "1"]
[SourceVersionDate "2006.11.23"]
[SourceQuality "1"]
[WhiteTeam "Berlin Profi Schach Laden"]
[BlackTeam "Muenchen Europ Patentamt"]
[WhiteTeamCountry "GER"]
[BlackTeamCountry "GER"]

1. d4 d6 2. Bg5 g6 3. h4 h6 4. Bf4 Bg7 5. Nf3 c5 6. c3 Qb6 7. Qd2 Nf6 8. e3 0-0 9. Bd3 Nc6 10. Qc2 cxd4 11. exd4 e5 12. dxe5 dxe5 13. Be3 Qc7 14. Nbd2 Be6 15. h5 Nxh5 16. 0-0-0 Nf4 17. Bxf4 exf4 18. Kb1 Rfd8 19. Ne4 Qa5 20. a3 Qb6 21. Nfd2 Ne5 22. Be2 f5 0-1

[Event "Guernsey op 29th"]
[Site "Les Dicqs"]
[Date "2003.10.24"]
[Round "6"]
[White "Hamperl, Fred A"]
[Black "Nicholson, John G"]
[Result "1/2-1/2"]
[WhiteElo "1966"]
[BlackElo "2157"]
[PlyCount "71"]
[EventDate "2003.10.19"]
[EventType "swiss"]
[EventRounds "7"]
[EventCountry "GCI"]
[SourceTitle "EXT 2005"]
[Source "ChessBase"]
[SourceDate "2004.11.15"]
[SourceVersion "1"]
[SourceVersionDate "2004.11.15"]
[SourceQuality "1"]

1. e4 e6 2. d4 d5 3. exd5 exd5 4. c4 c6 5. Nc3 Nf6 6. Bd3 Bb4 7. Nge2 0-0 8. 0-0 Nbd7 9. Bf4 dxc4 10. Bxc4 Nb6 11. Bb3 Nbd5 12. Be5 Ng4 13. Nxd5 cxd5 14. Bg3 Bd6 15. Nf4 Nf6 16. Nh5 Ne4 17. Bxd5 Bxg3 18. Bxe4 Bxh2+ 19. Kxh2 Qh4+ 20. Kg1 Qxe4 21. Re1 Qg4 22. Qxg4 Bxg4 23. Ng3 Rfe8 24. f3 Bd7 25. Kf2 Rac8 26. Rxe8+ Rxe8 27. Re1 Rxe1 28. Kxe1 Kf8 29. Kf2 Ke7 30. Ne4 b6 31. g3 f5 32. Nd2 Be6 33. a3 g5 34. Ke3 Kd6 35. f4 g4 36. Kd3 1/2-1/2

[Event "Guernsey op 29th"]
[Site "Les Dicqs"]
[Date "2003.10.23"]
[Round "5"]
[White "Nicholson, John G"]
[Black "Von Saldern, Ruediger"]
[Result "0-1"]
[WhiteElo "2157"]
[BlackElo "2112"]
[PlyCount "142"]
[EventDate "2003.10.19"]
[EventType "swiss"]
[EventRounds "7"]
[EventCountry "GCI"]
[SourceTitle "EXT 2005"]
[Source "ChessBase"]
[SourceDate "2004.11.15"]
[SourceVersion "1"]
[SourceVersionDate "2004.11.15"]
[SourceQuality "1"]

1. e4 e5 2. Nf3 Nc6 3. Bb5 a6 4. Ba4 Nf6 5. d3 d6 6. c3 b5 7. Bc2 Be7 8. 0-0 0-0 9. Nbd2 Bg4 10. Re1 h6 11. h3 Bh5 12. Nf1 Bg6 13. d4 Nh5 14. Ne3 Nf4 15. d5 Nb8 16. Nf5 Nh5 17. g4 Nf6 18. Be3 Nh7 19. Qd2 Nd7 20. Kh2 Bxf5 21. gxf5 Ng5 22. Nxg5 Bxg5 23. Rg1 Bxe3 24. Qxe3 Kh8 25. Rg2 Rg8 26. Rag1 Nf6 27. Bd1 Qe7 28. Re1 Kh7 29. Reg1 g5 30. fxg6+ fxg6 31. Bg4 Rg7 32. Re1 Rf8 33. Rf1 Nxg4+ 34. Rxg4 Rgf7 35. f3 g5 36. Kg2 Rf4 37. Kh2 R8f6 38. Kg2 Qf7 39. Rg3 Kg6 40. Rg4 Kh7 41. Rg3 c5 42. Rg4 Qc7 43. Qe2 Qa5 44. a3 Qa4 45. Rf2 Qb3 46. Rg3 Kg6 47. Rg4 Kf7 48. Rg3 Ke7 49. Rg4 Kd8 50. Rg3 Kc7 51. Rg4 Kb6 52. Rg3 Rf7 53. Rg4 a5 54. Rf1 Qa2 55. Rf2 a4 56. Rg3 Qb3 57. Rf1 Rc7 58. Rc1 Rff7 59. c4 Qa2 60. cxb5 c4 61. Qd2 Rc5 62. Qb4 Rfc7 63. h4 Rxb5 64. Qxd6+ Kb7 65. Qxe5 Rxb2+ 66. Kh3 Rh2+ 67. Kg4 Rxh4+ 68. Kf5 Qxa3 69. Rb1+ Ka6 70. Qxc7 Qf8+ 71. Ke5 Qf4+ 0-1

[Event "Keres Memorial op"]
[Site "Tallinn"]
[Date "2001.07.29"]
[Round "7"]
[White "Karner, Hillar"]
[Black "Nicholson, John G"]
[Result "1-0"]
[WhiteElo "2292"]
[BlackElo "2192"]
[PlyCount "65"]
[EventDate "2001.07.25"]
[EventType "swiss"]
[EventRounds "9"]
[EventCountry "EST"]
[SourceTitle "CBM 083 Extra"]
[Source "ChessBase"]
[SourceDate "2001.09.11"]
[SourceVersion "1"]
[SourceVersionDate "2001.09.11"]
[SourceQuality "1"]

1. d4 Nf6 2. Nf3 g6 3. g3 Bg7 4. Bg2 0-0 5. 0-0 c5 6. c3 d6 7. Re1 Nc6 8. dxc5 dxc5 9. Qxd8 Nxd8 10. e4 Ne6 11. a4 Rd8 12. Nbd2 b6 13. e5 Nd5 14. Nh4 Rb8 15. Nc4 Ba6 16. Bf1 Bb7 17. f4 Rd7 18. f5 gxf5 19. Nxf5 Rbd8 20. Nxg7 Kxg7 21. Bh3 Ndc7 22. Ne3 Kh8 23. Nf5 Rd1 24. Bh6 Rxa1 25. Rxa1 f6 26. exf6 exf6 27. Re1 Kg8 28. Be3 Kf8 29. Bg4 Bc8 30. Bh6+ Ke8 31. Bh5+ Kd7 32. Rd1+ Kc6 33. Bf3+ 1-0

[Event "Keres Memorial op"]
[Site "Tallinn"]
[Date "2001.07.27"]
[Round "4"]
[White "Kanep, Meelis"]
[Black "Nicholson, John G"]
[Result "1-0"]
[WhiteElo "2318"]
[BlackElo "2192"]
[PlyCount "87"]
[EventDate "2001.07.25"]
[EventType "swiss"]
[EventRounds "9"]
[EventCountry "EST"]
[SourceTitle "CBM 083 Extra"]
[Source "ChessBase"]
[SourceDate "2001.09.11"]
[SourceVersion "1"]
[SourceVersionDate "2001.09.11"]
[SourceQuality "1"]

1. d4 Nf6 2. Bg5 Ne4 3. Bf4 c5 4. f3 Qa5+ 5. c3 Nf6 6. d5 Qb6 7. Bc1 g6 8. c4 Bg7 9. Nc3 0-0 10. e4 d6 11. Nge2 a6 12. g4 Nbd7 13. Bg2 Ne5 14. b3 Qa5 15. h3 b5 16. f4 Ned7 17. Bd2 bxc4 18. bxc4 Rb8 19. 0-0 Qb4 20. e5 dxe5 21. fxe5 Nxe5 22. Rb1 Nxc4 23. Rxb4 cxb4 24. Na4 Nxd2 25. Qxd2 Bd7 26. Nc5 Bb5 27. Re1 Rfd8 28. Nf4 a5 29. Qe3 Bc4 30. g5 Nxd5 31. Nxd5 Bxd5 32. Qxe7 Bf8 33. Qe3 Bxa2 34. Ne4 b3 35. Nf6+ Kh8 36. Bd5 Rbc8 37. Qe4 Rc7 38. Qh4 h6 39. gxh6 Rdc8 40. Ne8 Rd7 41. Qf6+ Kg8 42. h7+ Kxh7 43. Bxf7 Rc6 44. Bxg6+ 1-0

[Event "Malaga op 4th"]
[Site "Malaga"]
[Date "2001.02.24"]
[Round "2"]
[White "Suba, Mihai"]
[Black "Nicholson, John G"]
[Result "1-0"]
[WhiteElo "2532"]
[BlackElo "2176"]
[PlyCount "81"]
[EventDate "2001.02.23"]
[EventType "swiss"]
[EventRounds "9"]
[EventCountry "ESP"]
[SourceTitle "EXT 2002"]
[Source "ChessBase"]
[SourceDate "2001.11.25"]
[SourceVersion "1"]
[SourceVersionDate "2001.11.25"]
[SourceQuality "1"]

1. c4 Nf6 2. Nf3 c5 3. Nc3 e6 4. g3 b6 5. Bg2 Bb7 6. 0-0 Be7 7. d4 cxd4 8. Qxd4 d6 9. Bg5 a6 10. Bxf6 Bxf6 11. Qd3 Ra7 12. Rad1 Be7 13. Nd4 Bxg2 14. Kxg2 Qc8 15. f4 Nc6 16. Rf3 0-0 17. Nxc6 Qxc6 18. f5 Rc7 19. b3 Rb7 20. a4 Rbb8 21. Qe3 Rbe8 22. fxe6 Bf6 23. Qe4 Qxe4 24. Nxe4 Rxe6 25. Nxf6+ gxf6 26. Kf2 Rfe8 27. Rd2 Kf8 28. Rfd3 Ke7 29. Rd5 Rg8 30. a5 Rb8 31. R2d3 Re5 32. Rxd6 Rxa5 33. Rd7+ Ke6 34. Ra7 Ra2 35. Re3+ Kf5 36. Rxf7 Kg6 37. Ree7 Rb2 38. Rg7+ Kf5 39. Kf3 Rxb3+ 40. e3 a5 41. h3 1-0

[Event "Olomouc Mipap Cup"]
[Site "Olomouc"]
[Date "2000.08.03"]
[Round "2"]
[White "Nicholson, John G"]
[Black "Ptacnikova, Lenka"]
[Result "1/2-1/2"]
[WhiteElo "2204"]
[BlackElo "2232"]
[PlyCount "27"]
[EventDate "2000.08.02"]
[EventType "tourn"]
[EventRounds "11"]
[EventCountry "CZE"]
[EventCategory "4"]
[SourceTitle "CBM 077 Extra"]
[Source "ChessBase"]
[SourceDate "2000.09.14"]
[SourceVersion "1"]
[SourceVersionDate "2000.09.14"]
[SourceQuality "1"]

1. e4 c5 2. Nf3 Nc6 3. d4 cxd4 4. Nxd4 Nf6 5. Nc3 e6 6. Ndb5 Bb4 7. a3 Bxc3+ 8. Nxc3 d5 9. exd5 exd5 10. Bd3 0-0 11. 0-0 d4 12. Ne2 Bg4 13. Bg5 Qd6 14. Qd2 1/2-1/2

[Event "Ubeda op 5th"]
[Site "Ubeda"]
[Date "2000.01.28"]
[Round "10"]
[White "Peric, Slavisa"]
[Black "Nicholson, John G"]
[Result "1/2-1/2"]
[WhiteElo "2357"]
[BlackElo "2193"]
[PlyCount "90"]
[EventDate "2000.01.19"]
[EventType "swiss"]
[EventRounds "10"]
[EventCountry "ESP"]
[SourceTitle "CBM 075"]
[Source "ChessBase"]
[SourceDate "2000.04.05"]
[SourceVersion "1"]
[SourceVersionDate "2000.04.05"]
[SourceQuality "1"]

1. d4 Nf6 2. Nf3 g6 3. g3 Bg7 4. Bg2 0-0 5. 0-0 d5 6. Be3 Ne4 7. Qc1 Re8 8. Rd1 c6 9. h3 Be6 10. c4 dxc4 11. Ne5 Bd5 12. Nxc4 Nd7 13. Bf4 Nb6 14. Ne3 Qd7 15. Ng4 Rad8 16. f3 Nd6 17. e4 Be6 18. Nc3 Bxg4 19. hxg4 Ndc4 20. b3 Bxd4+ 21. Kh2 e5 22. Bg5 Nd6 23. Bxd8 Qxd8 24. Kh1 Nbc8 25. Ne2 Bb6 26. g5 f6 27. Bh3 Qe7 28. Bxc8 Nxc8 29. gxf6 Qxf6 30. Kg2 g5 31. g4 Rf8 32. Rf1 Ne7 33. Qc4+ Kh8 34. Ng3 Ng6 35. Nf5 Nf4+ 36. Kg3 h5 37. gxh5 g4 38. fxg4 Qg5 39. Rh1 Rd8 40. Raf1 Rd2 41. Nh4 Ne2+ 42. Kh3 Qe3+ 43. Rf3 Nf4+ 44. Kg3 Ne2+ 45. Kh3 Nf4+ 1/2-1/2

[Event "Ubeda op 5th"]
[Site "Ubeda"]
[Date "2000.01.27"]
[Round "9"]
[White "Nicholson, John G"]
[Black "De Sousa, Jose Claude"]
[Result "1/2-1/2"]
[WhiteElo "2193"]
[BlackElo "2280"]
[PlyCount "61"]
[EventDate "2000.01.19"]
[EventType "swiss"]
[EventRounds "10"]
[EventCountry "ESP"]
[SourceTitle "CBM 075"]
[Source "ChessBase"]
[SourceDate "2000.04.05"]
[SourceVersion "1"]
[SourceVersionDate "2000.04.05"]
[SourceQuality "1"]

1. e4 c5 2. Nf3 Nc6 3. d4 cxd4 4. Nxd4 Qc7 5. Nc3 e6 6. Be2 a6 7. 0-0 Nf6 8. Kh1 Be7 9. f4 d6 10. Be3 0-0 11. a4 Re8 12. Bf3 Bf8 13. Nb3 d5 14. e5 Nd7 15. Ne2 b6 16. Ned4 Bb7 17. c3 Rac8 18. Nd2 Nc5 19. Qb1 Qd7 20. Bd1 Qc7 21. Bc2 g6 22. b4 Nd7 23. Nxc6 Qxc6 24. Bd4 a5 25. b5 Qc7 26. Nf3 Bc5 27. Bd3 Bf8 28. f5 Bg7 29. fxg6 fxg6 30. Qe1 Nc5 31. Bc2 1/2-1/2

[Event "Ubeda op 5th"]
[Site "Ubeda"]
[Date "2000.01.22"]
[Round "4"]
[White "Touzane, Olivier"]
[Black "Nicholson, John G"]
[Result "1-0"]
[WhiteElo "2384"]
[BlackElo "2193"]
[PlyCount "65"]
[EventDate "2000.01.19"]
[EventType "swiss"]
[EventRounds "10"]
[EventCountry "ESP"]
[SourceTitle "CBM 075"]
[Source "ChessBase"]
[SourceDate "2000.04.05"]
[SourceVersion "1"]
[SourceVersionDate "2000.04.05"]
[SourceQuality "1"]

1. d4 Nf6 2. c4 Nc6 3. Nf3 d6 4. d5 Ne5 5. Nxe5 dxe5 6. g3 e6 7. Bg2 exd5 8. cxd5 Bc5 9. 0-0 0-0 10. Nc3 Ne8 11. Qb3 Kh8 12. Bd2 f5 13. Rac1 Bd7 14. Ne4 Bb6 15. Bg5 Nf6 16. Nc5 Qe7 17. Qa3 e4 18. Rfd1 Rae8 19. e3 Bc8 20. d6 cxd6 21. Na4 Rd8 22. Nxb6 axb6 23. Qb4 Be6 24. Qxb6 Bxa2 25. Bf1 Qf7 26. Rxd6 Rxd6 27. Qxd6 Nd5 28. Qa3 Nb6 29. Qd6 Nd5 30. Ra1 Bb3 31. Ra3 Nf6 32. Bxf6 gxf6 33. Rxb3 1-0

[Event "VAM Hoogeveen op"]
[Site "Hoogeveen"]
[Date "1999.10.17"]
[Round "3"]
[White "Nicholson, John G"]
[Black "Plasman, Hans"]
[Result "0-1"]
[WhiteElo "2249"]
[BlackElo "2152"]
[PlyCount "78"]
[EventDate "1999.10.15"]
[EventType "swiss"]
[EventRounds "9"]
[EventCountry "NED"]
[SourceTitle "EXT 2000"]
[Source "ChessBase"]
[SourceDate "1999.11.16"]
[SourceVersion "1"]
[SourceVersionDate "1999.11.16"]
[SourceQuality "1"]

1. e4 e5 2. Nf3 Nc6 3. Bb5 f5 4. Nc3 fxe4 5. Nxe4 Nf6 6. Qe2 d5 7. Nxf6+ gxf6 8. d4 Bg7 9. dxe5 0-0 10. Bxc6 bxc6 11. e6 Qd6 12. 0-0 Re8 13. Nd4 c5 14. Nf5 Qxe6 15. Qxe6+ Bxe6 16. Nxg7 Kxg7 17. c3 Rad8 18. Bf4 Rd7 19. Rfd1 d4 20. f3 Ree7 21. cxd4 cxd4 22. b3 c5 23. Rac1 Rd5 24. g4 Bd7 25. Kf2 Bb5 26. Re1 Rb7 27. h4 Kf7 28. h5 a5 29. Red1 a4 30. Rd2 axb3 31. axb3 Bd7 32. Rdc2 Rb5 33. Bd2 Be6 34. Kg3 Re5 35. Bf4 Bxb3 36. Bxe5 fxe5 37. Rxc5 Rxc5 38. Rxc5 d3 39. Rc3 d2 0-1

[Event "VAM Hoogeveen op"]
[Site "Hoogeveen"]
[Date "1999.10.15"]
[Round "1"]
[White "Nicholson, John G"]
[Black "Neverov, Valeriy"]
[Result "0-1"]
[WhiteElo "2249"]
[BlackElo "2549"]
[PlyCount "112"]
[EventDate "1999.10.15"]
[EventType "swiss"]
[EventRounds "9"]
[EventCountry "NED"]
[SourceTitle "EXT 2000"]
[Source "ChessBase"]
[SourceDate "1999.11.16"]
[SourceVersion "1"]
[SourceVersionDate "1999.11.16"]
[SourceQuality "1"]

1. e4 c5 2. Nf3 d6 3. d4 cxd4 4. Nxd4 Nf6 5. Nc3 a6 6. Be3 e5 7. Nf3 Be7 8. a4 Nc6 9. Be2 0-0 10. 0-0 Be6 11. Nd2 Nd4 12. f4 Nxe2+ 13. Qxe2 exf4 14. Rxf4 Rc8 15. Nb3 Nd7 16. Nd4 Bf6 17. Kh1 Re8 18. Rd1 Be5 19. Rf2 Nf6 20. Nxe6 Rxe6 21. Bg5 Bxc3 22. bxc3 Rc5 23. Bxf6 Rxf6 24. Rf3 Qe7 25. Re3 h6 26. Kg1 Re6 27. Re1 Qc7 28. Qd3 Rc4 29. a5 Rc5 30. Rf1 Rxa5 31. Ref3 f6 32. Rf5 Rae5 33. Rxe5 Rxe5 34. Rd1 Qc5+ 35. Kf1 Qc6 36. Qxd6 Qxe4 37. Qd8+ Re8 38. Qd5+ Qxd5 39. Rxd5 Kf7 40. Rd6 Re6 41. Rd7+ Re7 42. Rd6 Kg6 43. Rb6 Kf5 44. c4 Rc7 45. Ke1 h5 46. Kd2 h4 47. c5 g5 48. c6 Rxc6 49. Rxb7 Rc4 50. h3 Kf4 51. Rb3 a5 52. Rf3+ Ke5 53. Kd3 Rd4+ 54. Kc3 Re4 55. Kd3 f5 56. c4 f4 0-1

[Event "Benasque op 18th"]
[Site "Benasque"]
[Date "1998.??.??"]
[Round "?"]
[White "Nicholson, John G"]
[Black "Conquest, Stuart"]
[Result "0-1"]
[WhiteElo "2225"]
[BlackElo "2480"]
[PlyCount "64"]
[EventDate "1998.07.??"]
[EventType "swiss"]
[EventRounds "9"]
[EventCountry "ESP"]
[SourceTitle "EXT 2002"]
[Source "ChessBase"]
[SourceDate "2001.11.25"]
[SourceVersion "1"]
[SourceVersionDate "2001.11.25"]
[SourceQuality "1"]

1. e4 c5 2. Nf3 e6 3. d4 cxd4 4. Nxd4 Nf6 5. Nc3 Nc6 6. Be2 Bb4 7. 0-0 Bxc3 8. bxc3 Nxe4 9. Bf3 d5 10. Bxe4 dxe4 11. Ba3 Nxd4 12. cxd4 Qa5 13. Qc1 b6 14. c4 Bb7 15. Bd6 f6 16. Re1 Kf7 17. Re3 Qa4 18. Rg3 h6 19. h4 g5 20. hxg5 hxg5 21. Rb1 Rh7 22. Rbb3 Rah8 23. Rh3 Rxh3 24. gxh3 Qc6 25. Ba3 e3 26. d5 exf2+ 27. Kxf2 exd5 28. cxd5 Qxd5 29. Qc7+ Kg6 30. Qc2+ f5 31. Rg3 Rxh3 32. Qc7 Qd2+ 0-1

[Event "Australian Masters"]
[Site "Melbourne"]
[Date "1997.??.??"]
[Round "?"]
[White "Freeman, Michael"]
[Black "Nicholson, John G"]
[Result "1-0"]
[WhiteElo "2185"]
[BlackElo "2265"]
[PlyCount "49"]
[EventDate "1997.??.??"]
[EventType "tourn"]
[EventRounds "11"]
[EventCountry "AUS"]
[EventCategory "1"]
[SourceTitle "EXT 2001"]
[Source "ChessBase"]
[SourceDate "2000.11.22"]
[SourceVersion "1"]
[SourceVersionDate "2000.11.22"]
[SourceQuality "1"]

1. d4 Nf6 2. c4 c5 3. d5 b5 4. cxb5 a6 5. f3 e6 6. e4 exd5 7. e5 Qe7 8. Qe2 Ng8 9. Nc3 Bb7 10. Nh3 Qh4+ 11. g3 Qd8 12. Bg2 c4 13. f4 Bb4 14. Bd2 Bxc3 15. Bxc3 Ne7 16. 0-0 Qb6+ 17. Kh1 axb5 18. f5 b4 19. Bd2 0-0 20. f6 Ng6 21. fxg7 Re8 22. Ng5 Nxe5 23. Nxf7 Nbc6 24. Qh5 Re6 25. Ng5 1-0

[Event "Nordic Grand Prix"]
[Site "Torshavn"]
[Date "1997.??.??"]
[Round "7"]
[White "Hansen, Herluf"]
[Black "Nicholson, John G"]
[Result "1-0"]
[WhiteElo "2025"]
[BlackElo "2070"]
[PlyCount "99"]
[EventDate "1997.02.07"]
[EventType "swiss"]
[EventRounds "9"]
[EventCountry "FAI"]
[SourceTitle "CBM 056 Extra"]
[Source "ChessBase"]
[SourceDate "1997.03.01"]
[SourceVersion "1"]
[SourceVersionDate "1997.03.01"]
[SourceQuality "1"]

1. Nf3 Nf6 2. d4 d5 3. c4 e6 4. Nc3 c5 5. cxd5 exd5 6. g3 Nc6 7. Bg2 cxd4 8. Nxd4 Bc5 9. Nb3 Bb4 10. 0-0 Be6 11. Nb5 0-0 12. a3 Be7 13. Bf4 a6 14. Nc7 Rc8 15. Nxe6 fxe6 16. Bh3 e5 17. Bxc8 Qxc8 18. Bg5 d4 19. Qd3 Qh3 20. Bxf6 Rxf6 21. Qe4 Rh6 22. Qg2 Qf5 23. Qd5+ Kh8 24. Nd2 Rd6 25. Qe4 Qe6 26. Rac1 h6 27. Qd3 Bg5 28. f4 exf4 29. gxf4 Bh4 30. Rc5 Qg4+ 31. Kh1 Re6 32. Qf3 Qxf3+ 33. Nxf3 Bf6 34. Rf2 Re4 35. Ne5 Nxe5 36. fxe5 Bxe5 37. Rf8+ Kh7 38. Re8 Rxe2 39. Rcxe5 Rxb2 40. Re2 Rb3 41. Ra2 Kg6 42. Rd8 Rd3 43. Rf8 h5 44. Kg2 h4 45. Rf3 Rd1 46. Rff2 Rd3 47. Rfd2 h3+ 48. Kf2 Rb3 49. Rxd4 b5 50. Rg4+ 1-0

[Event "Nordic Grand Prix"]
[Site "Torshavn"]
[Date "1997.??.??"]
[Round "4"]
[White "Hansen, Pol Martin"]
[Black "Nicholson, John G"]
[Result "1-0"]
[WhiteElo "1795"]
[BlackElo "2070"]
[PlyCount "77"]
[EventDate "1997.02.07"]
[EventType "swiss"]
[EventRounds "9"]
[EventCountry "FAI"]
[SourceTitle "CBM 056 Extra"]
[Source "ChessBase"]
[SourceDate "1997.03.01"]
[SourceVersion "1"]
[SourceVersionDate "1997.03.01"]
[SourceQuality "1"]

1. d4 Nf6 2. Nf3 e6 3. c4 c5 4. Nc3 cxd4 5. Nxd4 a6 6. e3 Nc6 7. Be2 Qc7 8. Nxc6 bxc6 9. Qc2 Be7 10. b3 0-0 11. Bb2 e5 12. 0-0 d6 13. Rfd1 Ne8 14. Rac1 f5 15. b4 Be6 16. a3 f4 17. exf4 Rxf4 18. Ne4 a5 19. Bd3 h6 20. b5 a4 21. Re1 c5 22. f3 Rf8 23. Rb1 Qb6 24. Kh1 Nc7 25. Nc3 Rf4 26. Bc1 Rh4 27. Be4 Rxe4 28. Nxe4 Rf8 29. Qxa4 d5 30. cxd5 Bxd5 31. Qc2 Ne6 32. Be3 Nd4 33. Bxd4 cxd4 34. a4 Qe6 35. a5 Rc8 36. Qb2 Rb8 37. b6 Bb7 38. Qb5 Bc6 39. Qd3 1-0

[Event "Australian Masters"]
[Site "Melbourne"]
[Date "1997.??.??"]
[Round "?"]
[White "Nicholson, John G"]
[Black "Kagan, Naum M"]
[Result "0-1"]
[WhiteElo "2265"]
[BlackElo "2280"]
[PlyCount "90"]
[EventDate "1997.??.??"]
[EventType "tourn"]
[EventRounds "11"]
[EventCountry "AUS"]
[EventCategory "1"]
[SourceTitle "EXT 2001"]
[Source "ChessBase"]
[SourceDate "2000.11.22"]
[SourceVersion "1"]
[SourceVersionDate "2000.11.22"]
[SourceQuality "1"]

1. Nf3 Nf6 2. c4 g6 3. Nc3 Bg7 4. d4 d5 5. Bf4 c5 6. dxc5 Qa5 7. Rc1 0-0 8. cxd5 Rd8 9. Qd2 Na6 10. e4 Nxc5 11. Be2 b6 12. 0-0 Ncxe4 13. Nxe4 Nxe4 14. Qe3 Nf6 15. Bc4 Nxd5 16. Bxd5 Qxd5 17. Qxe7 Bg4 18. Ng5 Re8 19. Qa3 h6 20. Nf3 Re2 21. Rcd1 Qb7 22. Bc1 Rae8 23. Rd3 Bf8 24. Qc3 Qa6 25. h3 Bg7 26. Qa3 Bc8 27. Qxa6 Bxa6 28. Ra3 Bb5 29. Rxa7 R2e4 30. Rd1 Be2 31. Rdd7 Bxf3 32. gxf3 Re1+ 33. Kg2 Rxc1 34. Rxf7 Bxb2 35. Rfd7 Rc2 36. Rd6 Kh8 37. Rb7 Rg8 38. Rbxb6 Kh7 39. a4 Be5 40. Rd5 Bf4 41. Re6 h5 42. a5 h4 43. a6 Ra2 44. Rd4 Bg3 45. Rd7+ Kh6 0-1

[Event "DDCC-Chigorin CC"]
[Site "Internet"]
[Date "1997.??.??"]
[Round "?"]
[White "Nicholson, John G"]
[Black "Shaposhnikov, Evgeny"]
[Result "0-1"]
[WhiteElo "2265"]
[BlackElo "2370"]
[PlyCount "66"]
[EventDate "1997.??.??"]
[EventType "team"]
[EventRounds "1"]
[EventCountry "RUS"]
[SourceTitle "EXT 1999"]
[Source "ChessBase"]
[SourceDate "1998.11.16"]
[SourceVersion "1"]
[SourceVersionDate "1998.11.16"]
[SourceQuality "1"]

1. e4 c5 2. Nf3 e6 3. d4 cxd4 4. Nxd4 a6 5. Bd3 Nf6 6. 0-0 Qc7 7. Qe2 d6 8. c4 Nbd7 9. b3 g6 10. Bb2 Bg7 11. Nc3 0-0 12. Rad1 b6 13. Bb1 Bb7 14. f4 Rfe8 15. Nf3 Rad8 16. Kh1 Nc5 17. b4 Ncd7 18. a3 Nh5 19. Nd2 Bh6 20. g3 Bg7 21. g4 Nhf6 22. Kg1 b5 23. h3 bxc4 24. Nxc4 d5 25. Na5 Nxe4 26. Nxe4 Bxb2 27. Qxb2 dxe4 28. Nxb7 Qxb7 29. Qd4 f5 30. gxf5 gxf5 31. Kh2 Kf7 32. Ba2 Nf6 33. Qe5 Qb6 0-1

[Event "Australian Masters"]
[Site "Melbourne"]
[Date "1997.??.??"]
[Round "?"]
[White "Nicholson, John G"]
[Black "Solomon, Stephen J"]
[Result "0-1"]
[WhiteElo "2265"]
[BlackElo "2395"]
[PlyCount "56"]
[EventDate "1997.??.??"]
[EventType "tourn"]
[EventRounds "11"]
[EventCountry "AUS"]
[EventCategory "1"]
[SourceTitle "EXT 2001"]
[Source "ChessBase"]
[SourceDate "2000.11.22"]
[SourceVersion "1"]
[SourceVersionDate "2000.11.22"]
[SourceQuality "1"]

1. g3 e5 2. Bg2 d5 3. d3 Nc6 4. Nf3 Nf6 5. 0-0 Be7 6. a3 a5 7. Nc3 0-0 8. Bg5 d4 9. Bxf6 Bxf6 10. Ne4 Be7 11. c4 f5 12. Ned2 Ra6 13. Qc2 a4 14. Rfb1 Bc5 15. Qc1 Qe7 16. Ne1 Na5 17. b4 axb3 18. Nxb3 Nxb3 19. Rxb3 e4 20. Nc2 Rh6 21. e3 dxe3 22. Nxe3 f4 23. Nd5 Bxf2+ 24. Kxf2 Qc5+ 25. Ke1 Rxh2 26. Nxf4 Rxg2 27. Nxg2 Qf2+ 28. Kd1 Bg4# 0-1

[Event "Australian Masters"]
[Site "Melbourne"]
[Date "1997.??.??"]
[Round "?"]
[White "Wallace, John Paul"]
[Black "Nicholson, John G"]
[Result "1-0"]
[WhiteElo "2350"]
[BlackElo "2265"]
[PlyCount "73"]
[EventDate "1997.??.??"]
[EventType "tourn"]
[EventRounds "11"]
[EventCountry "AUS"]
[EventCategory "1"]
[SourceTitle "EXT 2001"]
[Source "ChessBase"]
[SourceDate "2000.11.22"]
[SourceVersion "1"]
[SourceVersionDate "2000.11.22"]
[SourceQuality "1"]

1. e4 c5 2. Nf3 d6 3. d4 cxd4 4. Nxd4 Nf6 5. Nc3 e6 6. g4 h6 7. h4 a6 8. Bg2 Nc6 9. g5 hxg5 10. hxg5 Rxh1+ 11. Bxh1 Nd7 12. f4 Qb6 13. Nde2 g6 14. b3 Qc7 15. Bb2 b5 16. Qd2 Nb6 17. a4 b4 18. Nd1 Bb7 19. Ne3 a5 20. 0-0-0 0-0-0 21. Kb1 Kb8 22. f5 gxf5 23. exf5 d5 24. g6 Bh6 25. Qd3 Bxe3 26. Qxe3 e5 27. g7 f6 28. Qh6 Rg8 29. Qxf6 Rxg7 30. Qf8+ Bc8 31. Bxd5 Rd7 32. c4 bxc3 33. Nxc3 Nb4 34. Be4 Rd4 35. Rc1 Nd7 36. Qh8 Qb6 37. Nb5 1-0